000
00279nam a2200109Ia 4500
008
200302s9999 xx 000 0 und d
100
_a
Alex Vedder
245
_a
Handbook of landscape architecture Vol - 2
260
_b
Callisto Reference Published
260
_c
2015
300
_a
328
999
_c
6761
_d
6761